Statistics for Movie Titles by Synonyms #4

Click here to take the quiz!

General Stats

  • This quiz has been taken 18,540 times
  • The average score is 11 of 21

Answer Stats

SynonymsMovie Title% Correct
The Raisins of FuryThe Grapes of Wrath
77%
Retribution of the GeeksRevenge of the Nerds
76%
Physician BizarreDoctor Strange
75%
Locomotive ObservingTrainspotting
73%
Lifeless BilliardsDeadpool
68%
Bonaparte NitroglycerinNapoleon Dynamite
66%
Expire RigidDie Hard
59%
The Moth RamificationThe Butterfly Effect
57%
Ocean SconeSeabiscuit
56%
The British ConvalescentThe English Patient
54%
Crotchety Geriatic FellowsGrumpy Old Men
53%
My Kinsman VincentMy Cousin Vinny
51%
The Warlock of AustraliaThe Wizard of Oz
48%
Veracious FibsTrue Lies
47%
Grave RockTombstone
44%
Kielbasa CelebrationSausage Party
40%
Tar FlawlessPitch Perfect
32%
Signor Netherland's CompositionMr. Holland's Opus
26%
HenchmenMinions
21%
The Elation Serendipity AssociationThe Joy Luck Club
20%
The Stygian PaladinThe Dark Knight
14%

Score Distribution

Percentile by Number Answered

Percent of People with Each Score

Your Score History

You have not taken this quiz